| 000 | 00443nam a22001697a 4500 | ||
|---|---|---|---|
| 003 | OSt | ||
| 008 | 260512b |||||||| |||| 00| 0 eng d | ||
| 082 |
_a633.11 _bP21I |
||
| 100 | _aPaswan, Diwakar | ||
| 245 | _aInput and Crop Management for Maximization of Wheat Yield (Triticum aestivum L.) | ||
| 260 |
_aPusa, Samastipur _bRAU _c1998 |
||
| 300 | _a71P. | ||
| 502 |
_bMsc. _d1998 |
||
| 650 | _aAgronomy | ||
| 650 | _aMsc. | ||
| 942 |
_2ddc _cT |
||
| 999 |
_c50548 _d50548 |
||